Análisis de encuestas /

Obra que desarrolla las técnicas para la obtención y análisis de datos. Contiene: La encuesta: concepto, características y utilidad; El cuestionario; Del cuestionario a la base datos; Obtención de los datos y calidad de la encuesta; Análisis de los datos; Análisis de una pregunta de respuesta libre;...

Πλήρης περιγραφή

Αποθηκεύτηκε σε:
Λεπτομέρειες βιβλιογραφικής εγγραφής
Κύριος συγγραφέας: Abascal, Elena (autor)
Άλλοι συγγραφείς: Grande Esteban, Ildefonso (autor) (autor)
Μορφή: Βιβλίο
Γλώσσα:Ισπανικά
Έκδοση: Madrid, España : ESIC, 2005, c2005
Θέματα:
Ετικέτες: Προσθήκη ετικέτας
Δεν υπάρχουν, Καταχωρήστε ετικέτα πρώτοι!

MARC

LEADER 00000nam^a2200000^a^4500
001 000189866
005 20250521000000.0
009 20260310102429.272
020 |a 84-7356-420-0 
037 |a Acervo ITESO - Biblioteca 
041 |a ESP 
082 |a 001. 422  |b ABA 
100 |a Abascal, Elena  |e (autor) 
245 1 0 |a Análisis de encuestas /  |c E. Abascal, I. Grande Esteban. 
264 4 |a Madrid, España :  |b ESIC,  |c 2005, c2005 
300 |a 291 p. 
336 |a texto  |b txt  |2 rdacontenido 
337 |a sin mediación  |b n  |2 rdamedio 
338 |a volumen  |b nc  |2 rdasoporte 
520 |a Obra que desarrolla las técnicas para la obtención y análisis de datos. Contiene: La encuesta: concepto, características y utilidad; El cuestionario; Del cuestionario a la base datos; Obtención de los datos y calidad de la encuesta; Análisis de los datos; Análisis de una pregunta de respuesta libre; Análisis de una encuesta. 
649 |a XX 
650 |a Encuesta -  |x Tema Principal 
650 |a Cuestionario 
650 |a Muestreo (Estadística) 
650 |a Análisis de Datos 
650 |a Investigación -  |x Metodología 
650 |a Metodología Cuantitativa 
650 |a Metodología 
700 |a Grande Esteban, Ildefonso  |e (autor) 
910 |a Fondo General 
920 |a Impresos - Libros 
930 |a Colección General 
905 |a 101 
901 |a 0500132947  |b IT1  |c ACC  |u 20250521 
902 |a https://opac.biblio.iteso.mx/vufind/Record/000189866